00790nam a22001935i 4500001000700000003000900007005001700016008004100033040001800074100004000092245008800132260009100220300002200311596006300333752002400396852003500420999001900455952012200474157985ES-MaACL20230906210932.0980721s1879 sp |||| | spa d aAR bspa cAR1 aLópez Bastarán, Manuel.912919210aRetórica y poética o Literatura preceptiva / cpor Manuel López y Bastarán. aHuesca : b[s.n.], c1979 [i.e. 1879] (fEstab. tip. de la viuda e hijos de Castanera) a303 p. ; c23 cm. 1aCorrección de la fecha: 1879, indicada en h. de erratas. aEspaña - dHuesca aES-MaACLjG-12717 z-- Rúst. c157985d157985 00104070aATENEOMbATENEOMcSPP3d2008-01-17eSSCl0oG-12717p1165344r2023-02-23 00:00:00w2023-02-23yMONOGRAFIA